Statistics for Meteorite Falls by Country - A Space Love Story

Click here to take the quiz!

General Stats

  • This quiz has been taken 57 times
  • The average score is 17 of 20

Answers on the Map

Answers color-coded by a green-red scale on the quiz's map according to % correct below.
 

Answer Stats

# fallsCountries% Correct
159United States
100%
70China
98%
51Russia
98%
20Mexico
96%
30Brazil
94%
17Canada
94%
19United Kingdom
94%
24Argentina
92%
20Australia
92%
134India
92%
25Spain
90%
64France
86%
36Germany
82%
44Japan
80%
21South Africa
78%
32Ukraine
78%
32Italy
76%
19Indonesia
72%
17Pakistan
72%
16Czech Republic
42%

Score Distribution

Percentile by Number Answered

Percent of People with Each Score

Your Score History

You have not taken this quiz